000 01052nam a2200313 a 4500
001 93327
003 ES-MaREB
005 20250728033202.0
008 231107s2002 esp 000 0 spa d
017 _aAS 2423-2002
020 _a8497040538
035 _aCCBIP00796821
040 _aBR-AS
_cES-MaACL
080 _a003:316.343.2-058.14-057.81/.82
080 _a316.343.2-058.14-057.81/.82:003
245 0 3 _aLa conquista del alfabeto :
_bescritura y clases populares /
_cAntonio Castillo Gómez (coordinador).
260 _aGijón :
_bTrea,
_c[2002]
300 _a348 p. ;
_c22 cm.
490 1 _aBiblioteconomía y administración cultural ;
_v68
500 _aÍndice.
504 _aBibliografía y fuentes: p. [303]-332.
650 4 _aAlfabeto-
_99718
_vHistoria
700 0 _aCastillo Gómez, Antonio
_936747
830 0 _aBiblioteconomía y administración cultural
_v68
_9184219
852 _aES-MaACL
_996728
_jL-29095
_cDEPO2
942 _cMONOGRAFIA
999 _c93327
_d93327